Fröhlicher Patriotismus?
| Titel: | Fröhlicher Patriotismus? : Eine WM-Nachlese / Ernst Hebeker ... (Hrsg.) |
|---|---|
| Beteiligt: | |
| Veröffentlicht: | München : Hanns-Seidel-Stiftung, 2007 |
| Umfang: | 1 Online-Ressource (113 Seiten) : Diagramme |
| Format: | E-Book |
| Sprache: | Deutsch |
| Schriftenreihe/ mehrbändiges Werk: |
Argumente und Materialien zum Zeitgeschehen ; 57 |
| RVK-Notation: |
·
|
| ISBN: | 3887953223 ; 9783887953225 |
alg: 33686763 001A $00030:21-02-14 001B $01999:11-08-25 $t11:28:00.000 001D $00030:21-02-14 001U $0utf8 001X $00 002@ $0Oau 002C $aText $btxt $2rdacontent 002D $aComputermedien $bc $2rdamedia 002E $aOnline-Ressource $bcr $2rdacarrier 003@ $0336867638 003O $0845608782 $aOCoLC 004A $03-88795-322-3 004A $A978-3-88795-322-5 004K $09783887953225 007A $0336867638 $aHEB 009Q $S0 $uhttp://www.hss.de/uploads/tx_ddceventsbrowser/AMZ57-Patrioten.pdf $xH 010@ $ager 011@ $a2007 013D $#Beiträge Formschlagwort $#Einzelbeiträge $#Sammelwerk Formschlagwort $74143413-4 $8Aufsatzsammlung [Ts1] $9085562742 021A $aFröhlicher Patriotismus? $dEine WM-Nachlese $hErnst Hebeker ... (Hrsg.) 028C $BHerausgeber $4edt $D20220215 $Ecgwrk $7136123813 $8Hebeker, Ernst$Z1954- [Tp1] $9203365305 033A $pMünchen $nHanns-Seidel-Stiftung 033E $pMünchen $nHanns-Seidel-Stiftung 034D $a1 Online-Ressource (113 Seiten) 034M $aDiagramme 036E $aArgumente und Materialien zum Zeitgeschehen $l57 036F $x257 $8Argumente und Materialien zum Zeitgeschehen $9200143344 $l57 037A $aLiteraturangaben 044K $RDeutsches Sprachgebiet $RDeutschland $RDeutschland $#Deutsche Länder $#Germany Deutschland $#Heiliges Römisches Reich $#Rheinbund $#Deutscher Bund $#Norddeutscher Bund $#Deutsches Reich $#Deutschland Gebiet unter Alliierter Besatzung $#Deutschland Bundesrepublik, 1990- $#BRD 1990- $#Federal Republic of Germany Deutschland $#Republic of Germany Deutschland $#Allemagne Deutschland $#Ǧumhūrīyat Almāniyā al-Ittiḥādīya $#Bundesrepublik Deutschland 1990- $#BRD $#Niemcy $#République Fédérale d'Allemagne Deutschland $#Repubblica Federale di Germania Deutschland $#Germanija $#Federativnaja Respublika Germanija $#FRG $#Deyizhi-Lianbang-Gongheguo $74011882-4 $8Deutschland [Tg1] $9085025550 044K $RNationalbewusstsein $RNationalismus $#Patriotism $#Patriotisme $#Patriottismo $#Patriotismo $#Patriotismus $#Patriotismus $#Vaterlandsliebe $74132835-8 $8Patriotismus [Ts1] $9085479705 044K $RFußball-Weltmeisterschaft $#Fußball-Weltmeisterschaft 2006 18. $#Football World Championship 2006 18. $#WM 2006 18. $#FIFA-WM 2006 18. $#WM Deutschland 2006 18. $#Fußball-WM 2006 18. $#FIFA-Fußball-Weltmeisterschaft 2006 18. $#Fußball-Weltmeisterschaft Deutschland 2006 18. $#FIFA Fußball-Weltmeisterschaft Deutschland 2006 18. $#Weltmeisterschaft 2006 18. $#FIFA World Cup 2006 18. $#World Cup Germany 2006 18. $#FIFA World Cup Germany 2006 18. $#Fussball 2006 18. $#Fußballweltmeisterschaft 2006 18. $#FIFA-Fußball-WM 2006 18. $#Fußball-Weltmeisterschaft 2006 Deutschland $710099500-7 $8FIFA Fußball-Weltmeisterschaft$n18.$d2006 [Tf1] $9127579222 045E $c320 045F $a320.540943 $eDDC22ger 045F/01 $a320.5409 045F/03 $g43 045Z $8MD 6000 [Tkv] $941044829X 045Z $8ZY 2026 [Tkv] $9415139333 047A $aSacherschließung maschinell aus paralleler Ausg. übernommen lok: 33686763 3 exp: 33686763 3 1 #EPN 201B/01 $022-02-14 $t00:01:02.000 201U/01 $0utf8 203@/01 $0727950924 208@/01 $a21-02-14 $bl 209S/01 $S0 $uhttp://www.hss.de/uploads/tx_ddceventsbrowser/AMZ57-Patrioten.pdf $XH lok: 33686763 5 exp: 33686763 5 1 #EPN 201B/01 $022-02-14 $t00:01:02.000 201U/01 $0utf8 203@/01 $0727950932 208@/01 $a21-02-14 $bl 209S/01 $S0 $uhttp://www.hss.de/uploads/tx_ddceventsbrowser/AMZ57-Patrioten.pdf $XH lok: 33686763 8 exp: 33686763 8 1 #EPN 201B/01 $022-02-14 $t00:01:02.000 201U/01 $0utf8 203@/01 $0727950940 208@/01 $a21-02-14 $bl 209S/01 $S0 $uhttp://www.hss.de/uploads/tx_ddceventsbrowser/AMZ57-Patrioten.pdf $XH lok: 33686763 10 exp: 33686763 10 1 #EPN 201B/01 $022-02-14 $t00:01:02.000 201U/01 $0utf8 203@/01 $0727950959 208@/01 $a21-02-14 $bl 209S/01 $S0 $uhttp://www.hss.de/uploads/tx_ddceventsbrowser/AMZ57-Patrioten.pdf $XH lok: 33686763 11 exp: 33686763 11 1 #EPN 201B/01 $022-02-14 $t00:01:02.000 201U/01 $0utf8 203@/01 $0727950967 208@/01 $a21-02-14 $bl 209S/01 $S0 $uhttp://www.hss.de/uploads/tx_ddceventsbrowser/AMZ57-Patrioten.pdf $XH lok: 33686763 20 exp: 33686763 20 1 #EPN 201B/01 $022-02-14 $t00:01:02.000 201U/01 $0utf8 203@/01 $0727950983 208@/01 $a21-02-14 $bl 209S/01 $S0 $uhttp://www.hss.de/uploads/tx_ddceventsbrowser/AMZ57-Patrioten.pdf $XH lok: 33686763 21 exp: 33686763 21 1 #EPN 201B/01 $022-02-14 $t00:01:02.000 201U/01 $0utf8 203@/01 $0727950991 208@/01 $a21-02-14 $bl 209S/01 $S0 $uhttp://www.hss.de/uploads/tx_ddceventsbrowser/AMZ57-Patrioten.pdf $XH lok: 33686763 23 exp: 33686763 23 1 #EPN 201B/01 $022-02-14 $t00:01:02.000 201U/01 $0utf8 203@/01 $0727951009 208@/01 $a21-02-14 $bl 209S/01 $S0 $uhttp://www.hss.de/uploads/tx_ddceventsbrowser/AMZ57-Patrioten.pdf $XH lok: 33686763 24 exp: 33686763 24 1 #EPN 201B/01 $022-02-14 $t00:01:02.000 201U/01 $0utf8 203@/01 $0727951017 208@/01 $a21-02-14 $bl 209S/01 $S0 $uhttp://www.hss.de/uploads/tx_ddceventsbrowser/AMZ57-Patrioten.pdf $XH lok: 33686763 25 exp: 33686763 25 1 #EPN 201B/01 $022-02-14 $t00:01:02.000 201U/01 $0utf8 203@/01 $0727951025 208@/01 $a21-02-14 $bl 209S/01 $S0 $uhttp://www.hss.de/uploads/tx_ddceventsbrowser/AMZ57-Patrioten.pdf $XH lok: 33686763 36 exp: 33686763 36 1 #EPN 201B/01 $004-09-22 $t05:24:52.801 201C/01 $004-09-22 201U/01 $0utf8 203@/01 $0121333456X 208@/01 $a04-09-22 $bl 209S/01 $S0 $uhttp://www.hss.de/uploads/tx_ddceventsbrowser/AMZ57-Patrioten.pdf $XH lok: 33686763 49 exp: 33686763 49 1 #EPN 201B/01 $020-03-20 $t16:23:55.996 201C/01 $020-03-20 201U/01 $0utf8 203@/01 $01088464718 208@/01 $a20-03-20 $bl 209S/01 $S0 $uhttp://www.hss.de/uploads/tx_ddceventsbrowser/AMZ57-Patrioten.pdf $XH lok: 33686763 54 exp: 33686763 54 1 #EPN 201B/01 $020-03-20 $t16:23:56.000 201C/01 $020-03-20 201U/01 $0utf8 203@/01 $01088464726 208@/01 $a20-03-20 $bl 209S/01 $S0 $uhttp://www.hss.de/uploads/tx_ddceventsbrowser/AMZ57-Patrioten.pdf $XH lok: 33686763 108 exp: 33686763 108 1 #EPN 201B/01 $020-03-20 $t16:23:56.004 201C/01 $020-03-20 201U/01 $0utf8 203@/01 $01088464734 208@/01 $a20-03-20 $bl 209S/01 $S0 $uhttp://www.hss.de/uploads/tx_ddceventsbrowser/AMZ57-Patrioten.pdf $XH lok: 33686763 204 exp: 33686763 204 1 #EPN 201B/01 $022-02-14 $t00:01:03.000 201U/01 $0utf8 203@/01 $0727951068 208@/01 $a21-02-14 $bl 209S/01 $S0 $uhttp://www.hss.de/uploads/tx_ddceventsbrowser/AMZ57-Patrioten.pdf $XH lok: 33686763 205 exp: 33686763 205 1 #EPN 201B/01 $022-02-14 $t00:01:03.000 201U/01 $0utf8 203@/01 $0727951076 208@/01 $a21-02-14 $bl 209S/01 $S0 $uhttp://www.hss.de/uploads/tx_ddceventsbrowser/AMZ57-Patrioten.pdf $XH
| LEADER | 00000cam a2200000 c 4500 | ||
|---|---|---|---|
| 001 | 336867638 | ||
| 003 | DE-603 | ||
| 005 | 20250811112800.0 | ||
| 007 | cr|||||||||||| | ||
| 008 | 140221s2007 xx |||| o| u00||u|ger c | ||
| 020 | |a 3887953223 | ||
| 020 | |a 9783887953225 | ||
| 024 | 3 | |a 9783887953225 | |
| 035 | |a (DE-599)HEB336867638 | ||
| 035 | |a (OCoLC)845608782 | ||
| 040 | |a DE-603 |b ger |c DE-603 |d DE-603 | ||
| 041 | |a ger | ||
| 082 | 0 | 4 | |8 1\u |a 320.540943 |q DE-101 |2 22/ger |
| 084 | |a 320 |q DE-101 |2 sdnb | ||
| 084 | |a MD 6000 |0 (DE-625)122529: |0 (DE-603)41044829X |2 rvk | ||
| 084 | |a ZY 2026 |0 (DE-625)158565:13016 |0 (DE-603)415139333 |2 rvk | ||
| 085 | |8 1\u |b 320.5409 | ||
| 085 | |8 1\u |z 2 |s 43 | ||
| 245 | 0 | 0 | |a Fröhlicher Patriotismus? |b Eine WM-Nachlese |c Ernst Hebeker ... (Hrsg.) |
| 264 | 1 | |a München |b Hanns-Seidel-Stiftung |c 2007 | |
| 264 | 2 | |a München |b Hanns-Seidel-Stiftung | |
| 300 | |a 1 Online-Ressource (113 Seiten) |b Diagramme | ||
| 336 | |a Text |b txt |2 rdacontent | ||
| 337 | |a Computermedien |b c |2 rdamedia | ||
| 338 | |a Online-Ressource |b cr |2 rdacarrier | ||
| 490 | 1 | |a Argumente und Materialien zum Zeitgeschehen |v 57 | |
| 500 | |a Literaturangaben | ||
| 611 | 2 | 7 | |a FIFA Fußball-Weltmeisterschaft |n 18. |d 2006 |2 gnd |0 (DE-588)10099500-7 |0 (DE-603)127579222 |
| 650 | 7 | |a Patriotismus |0 (DE-588)4132835-8 |0 (DE-603)085479705 |2 gnd | |
| 651 | 7 | |a Deutschland |0 (DE-588)4011882-4 |0 (DE-603)085025550 |2 gnd | |
| 655 | 7 | |a Aufsatzsammlung |2 gnd-content |0 (DE-588)4143413-4 |0 (DE-603)085562742 | |
| 700 | 1 | |a Hebeker, Ernst |d 1954- |e Herausgeber |4 edt |0 (DE-603)203365305 |0 (DE-588)136123813 |2 gnd | |
| 830 | 0 | |t Argumente und Materialien zum Zeitgeschehen |v 57 |w (DE-603)200143344 |w (DE-600)2432096-1 |9 257 |7 as | |
| 856 | |u http://www.hss.de/uploads/tx_ddceventsbrowser/AMZ57-Patrioten.pdf |x Verlag |z kostenfrei | ||
| 924 | 1 | |9 603 |a (DE-603)727950924 |b DE-603 |c HES |d d | |
| 924 | 1 | |9 603 |a (DE-603)727950932 |b DE-603 |c HES |d d | |
| 924 | 1 | |9 603 |a (DE-603)727950940 |b DE-603 |c HES |d d | |
| 924 | 1 | |9 603 |a (DE-603)727950959 |b DE-603 |c HES |d d | |
| 924 | 1 | |9 603 |a (DE-603)727950967 |b DE-603 |c HES |d d | |
| 924 | 1 | |9 603 |a (DE-603)727950983 |b DE-603 |c HES |d d | |
| 924 | 1 | |9 603 |a (DE-603)727950991 |b DE-603 |c HES |d d | |
| 924 | 1 | |9 603 |a (DE-603)727951009 |b DE-603 |c HES |d d | |
| 924 | 1 | |9 603 |a (DE-603)727951017 |b DE-603 |c HES |d d | |
| 924 | 1 | |9 603 |a (DE-603)727951025 |b DE-603 |c HES |d d | |
| 924 | 1 | |9 603 |a (DE-603)121333456X |b DE-603 |c HES |d d | |
| 924 | 1 | |9 603 |a (DE-603)1088464718 |b DE-603 |c HES |d d | |
| 924 | 1 | |9 603 |a (DE-603)1088464726 |b DE-603 |c HES |d d | |
| 924 | 1 | |9 603 |a (DE-603)1088464734 |b DE-603 |c HES |d d | |
| 924 | 1 | |9 603 |a (DE-603)727951068 |b DE-603 |c HES |d d | |
| 924 | 1 | |9 603 |a (DE-603)727951076 |b DE-603 |c HES |d d | |


